000 00893cam a2200241 a 4500
001 78639
003 BD-RjUL
005 20211209083145.0
008 211025s2002 ua b 000|0 ara d
020 _a977572709X
035 _a(BD-RjUL)
040 _aBD-RjUL
_beng
_cBD-RjUL
041 _aara
082 _223
_a808.04927
_bATI 2002
100 1 _a عتيق، عبد العزيز;; Atīq, ʿAbd al-ʿAzīz.
_9246925
245 1 0 _aعلم البيان ;; ʿIlm al-bayān /
_cعبد العزيز عتيق. ;; Abd al-ʿAzīz ʿAtīq.
260 _a[al-Qāhirah] :
_bدار الآفاق العربية، ;; Dār al-Āfāq al-ʿArabīyah,
_c1998.
300 _a160 p. ;
_c24 cm.
504 _aIncludes bibliographical references.
650 0 _aArabic language
_xRhetoric.
_9249335
830 0 _a في البلاغة العربية ;; Fī al-balāghah al-ʿArabīyah
_9249336
942 _2ddc
_cBK
999 _c78639
_d78639